000 01150nam0a22003011 4500
001 rc\3153434
005 20240614130113.0
021 _aRU
_b[76-36351]
035 _a(NLR Aleph) 007322748
090 _a5927162
_c5927162
100 _a20120615d1976 |||y0rusy50 ca
101 0 _arus
102 _aRU
105 _ay c |||||
200 1 _aШахматисту
_eРек. указ. литературы
_fСост. С.А. Крючковский
_gГос. Публ. б-ка им. М.Е. Салтыкова-Щедрина
210 _aМосква
_cКнига
_d1976
215 _a48 с.
_d20
225 1 _aВаше увлечение
300 _aНа обл. сост. не указан
606 _aШахматы
_jУказатели литературы
_2psbo
700 1 _aКрючковский
_bС. А.
_f1930-
_gСемен Аркадьевич
_4220
712 0 2 _aПубличная библиотека им. М. Е. Салтыкова-Щедрина
_cЛенинград
_3RU\NLR\AUTH\88594
801 0 _aRU
_bNLR
_gpsbo
801 1 _aRU
_bELAR
_2rusmarc
852 _aNLR
_jс929-660/К-85
942 _cBOOK
980 _aNB